Geometría analítica : (Record no. 81981)

MARC details
000 -LEADER
fixed length control field 00746cam a2200229 4500
008 - FIXED-LENGTH DATA ELEMENTS--GENERAL INFORMATION
fixed length control field t1991 mx a spa
020 ## - INTERNATIONAL STANDARD BOOK NUMBER
International Standard Book Number 9684229488
050 04 - LIBRARY OF CONGRESS CALL NUMBER
Classification number QA 551
Item number K55 1991
100 1# - MAIN ENTRY--PERSONAL NAME
Personal name Kindle, Joseph H.
245 10 - TITLE STATEMENT
Title Geometría analítica :
Remainder of title plana y del espacio /
Statement of responsibility, etc Joseph H. Kindler ; tr. Luis Gutiérrez Díez, Angel Gutiérrez Vázquez.
250 ## - EDITION STATEMENT
Edition statement 1a ed.
260 ## - PUBLICATION, DISTRIBUTION, ETC. (IMPRINT)
Place of publication, distribution, etc México :
Name of publisher, distributor, etc McGraw-Hill,
Date of publication, distribution, etc c1991
300 ## - PHYSICAL DESCRIPTION
Extent 150 p.:
Other physical details il. ;
Dimensions 23 cm.
500 ## - GENERAL NOTE
General note Traducción de : Analytic geometriy
504 ## - BIBLIOGRAPHY, ETC. NOTE
Bibliography, etc Incluye indice
650 #7 - SUBJECT ADDED ENTRY--TOPICAL TERM
Topical term or geographic name as entry element Geometría analítica
Source of heading or term Lemb
700 1# - ADDED ENTRY--PERSONAL NAME
Personal name Gutiérrez Díez, Luis, tr.
700 1# - ADDED ENTRY--PERSONAL NAME
Personal name Gutiérrez Vázquez, Angel, tr.
942 ## - ADDED ENTRY ELEMENTS (KOHA)
Source of classification or shelving scheme Biblioteca del Cogreso de los Estados Unidos
Koha item type Libro
Holdings
Estado de pérdida Fuente de clasificación Estado del daño No para préstamo Ubicación permanente Ubicación actual Apartado o colección Fecha de adquisición Edición Área del conocimiento Total Checkouts Clasificación Código de Barras Date last seen Número de copia Costo por reposición Tipo de recurso
  Biblioteca del Cogreso de los Estados Unidos     Biblioteca de la Preparatoria Melchor Ocampo Biblioteca de la Preparatoria Melchor Ocampo General 03/08/2023 1a. ed. Ciencias Naturales y Exactas   QA55 K5 1991 PMO000002739 03/08/2023 C:1 1.00 Libro
  Biblioteca del Cogreso de los Estados Unidos     Biblioteca de la Preparatoria Melchor Ocampo Biblioteca de la Preparatoria Melchor Ocampo General 03/08/2023 1a. ed. Ciencias Naturales y Exactas   QA55 K5 1991 PMO000000722 11/08/2023 C: 2 1.00 Libro
  Biblioteca del Cogreso de los Estados Unidos     Biblioteca de la Preparatoria Melchor Ocampo Biblioteca de la Preparatoria Melchor Ocampo General 03/08/2023 1a. ed. Ciencias Naturales y Exactas   QA55 K5 1991 PMO000000747 15/08/2023 C: 3 1.00 Libro